LEADER 00465nab a2200145 i 4500 001 000000281354 003 CaOOAMICUS 005 20180831165159.0 008 180831n xx uu u0 0und r 013 $a33909 040 $aSeMil$bita 245 10$a[vedi periodico]. 500 $aGiugno 1999, inserto redazionale. 773 0 $aPedretti, Carlo <1928-2018>$tLeonardo.$dFirenze : Giunti, 1999.$z88-09-76288-6$w()231230 996 $6245$a[vedi periodico]$9(OLS)http://semarc/title/309439 LEADER 00786nab a2200133 i 4500 001 000000323371 003 CaOOAMICUS 005 20180831173423.0 008 180831n it uu u0 0ita r 013 $a33714 040 $aSeMil$bita 245 10$aDon Giuseppe Rossi (1920-2004) ; Cesarina Giussani (1921-2003) ; Leontina Fusi (?-2003) ; Don Carlo Colombo (1917-2004) ; Maria Cherubina Colombo ( 1922-2003) ; Fornara Carla (1915-2003). - In [rubrica] :$bLa fiaccola ricorda. 773 0 $t[MARZO 2004]. - 32 p.$gp.30-31$w()261352 996 $6245$aDon Giuseppe Rossi (1920-2004) ; Cesarina Giussani (1921-2003) ; Leontina Fusi (?-2003) ; Don Carlo Colombo (1917-2004) ; Maria Cherubina Colombo ( 1922-2003) ; Fornara Carla (1915-2003). - In [rubrica] :$bLa fiaccola ricorda.$9(OLS)http://semarc/title/396764 LEADER 00597nam a2200169 i 4500 001 000000190694 003 CaOOAMICUS 005 20100706000000.0 008 100706n xx u000 u lat u 013 $a169125 040 $aSeMil$bita 245 10$a2. 300 $a511 p. ;$c21 cm. 773 0 $aLombardi, Carlo$tIuris canonici privati institutiones.$b2.ed. ab auctore revisa et expolita.$dRomae : Desclée, Lefebvre et Soc., 1901.$g2$w()23488 850 $aSeMil 852 $aSeMil$W1$xVenegono$y1$m2H VII 17$j264297$B141311$CSeMilBibl$Z2$F152878 $81 996 $6245$a2$9(OLS)http://semarc/title/46889 LEADER 00767naa a2200157 i 4500 001 000000298284 003 CaOOAMICUS 005 20180831172621.0 008 180831n xx u000 u und u 013 $a5887 040 $aSeMil$bita 100 1 $aFerrari, Giuseppe <1913->.$0(OLS)http://semarc/name/40392 245 10$aSignificato della celebrazione eucaristica nella vita delle Chiese Ortodosse dell'Italia meridionale. 650 4$aChiesa Ortodossa - Liturgia.$0(OLS)http://semarc/subject/17392 773 0 $tEucaristia sfida alle Chiese divise.$dPadova : Messaggero, 1984.$kCaro Salutis Cardo. Contributi$z88-7026-507-2$w()66156 996 $6245$aSignificato della celebrazione eucaristica nella vita delle Chiese Ortodosse dell'Italia meridionale$9(OLS)http://semarc/title/374305 LEADER 00767naa a2200145 i 4500 001 000000300718 003 CaOOAMICUS 005 20180831172708.0 008 180831n xx u000 u und u 013 $a8426 040 $aSeMil$bita 100 1 $aVerstraeten, Johan.$0(OLS)http://semarc/name/38095 245 10$aFrom Just War to Proportionate Defense :$bA Critical Reassessment n : University Press ; Leuven : Uitgeverij Peeters, 1988. (Biblio. 773 0 $tPersonalist morals.$dLeuven : University Press, 1988.$kBibliotheca Ephemeridum Theologicarum Lovaniensium$z90-6186-286-8$z90-6831-136-0$w()34795 996 $6245$aFrom Just War to Proportionate Defense :$bA Critical Reassessment n : University Press ; Leuven : Uitgeverij Peeters, 1988. (Biblio$9(OLS)http://semarc/title/376733 LEADER 00985nam a2200241 i 4500 001 000000193195 003 CaOOAMICUS 005 20101108000000.0 008 101108n it u000 u ita u 013 $a171835 020 $a88-95446-05-9 040 $aSeMil$bita 245 10$aConferenze storiche /$ccontributi di Giovanni Tacchini ... [et al.]. 300 $a152 p. :$bill. ;$c25 cm. 490 0 $aI quaderni del gruppo scientifico ;$v4 700 1 $aTacchini, Giovanni.$0(OLS)http://semarc/name/70385 773 0 $tMillenario della Basilica di Galliano.$dCantù : Tipografia Cavalleri, 2009.$g2$w()23870 830 2$aI quaderni del gruppo scientifico ;$v4.$0(OLS)http://semarc/title/26552 850 $aSeMil 852 $aSeMil$W1$xVenegono$y1$m3P IV 344$j143769$B143769$CSeMilBibl$Z2$F157733 $81 961 $aOmaggio: Delpini mons. Mario 996 $6020$a88-95446-05-9$9(OLS)http://semarc/number/184567 996 $6245$aConferenze storiche$9(OLS)http://semarc/title/278520 LEADER 00710naa a2200169 i 4500 001 000000317904 003 CaOOAMICUS 005 20180831173237.0 008 180831n it u000 u ita u 013 $a27165 040 $aSeMil$bita 100 1 $aKönig, Franz,$c.$0(OLS)http://semarc/name/3947 245 10$aStampa: libertà e responsabilità. 650 4$aMezzi di comunicazione.$0(OLS)http://semarc/subject/6419 650 4$aComunicazione - Aspetti sociali.$0(OLS)http://semarc/subject/25173 773 0 $tLaici sulle vie del Concilio.$dAssisi : Cittadella, stampa 1966.$kSulle vie del concilio$gp.255-260$w()46233 996 $6245$aStampa: libertà e responsabilità$9(OLS)http://semarc/title/391821